| 000 | 00419nam a2200145Ia 4500 | ||
|---|---|---|---|
| 008 | 151021s9999 xx 000 0 und d | ||
| 020 | _a9.7800714858e+012 | ||
| 050 | _aQA41.532 2008 | ||
| 245 | _a_Theory and Problems of Statistics (4th ed) | ||
| 260 | _aIndia McGraw-Hill 2008 | ||
| 300 | _axix,577p.;ill. | ||
| 500 | _ainclude index | ||
| 650 | _a_Frequency Distribution | ||
| 980 | _a^d20110117 11:35:59^okorir | ||
| 999 |
_c5987 _d5987 |
||